000 01465nam a2200361 i 4500
001 186739
003 SpMaBN
005 20250828033200.0
008 170210s2005 sp ae |||| |bspa d
020 _a84-7908-835-4
080 _a929 Amorós, Francisco
080 _a796.4(44)"18"
080 _a796.4(460)"18"
100 1 _aFernández Sirvent, Rafael.
_9161704
245 1 0 _aFrancisco Amorós y los inicios de la educación física moderna
_b: biografía de un funcionario al servicio de España y Francia /
_cRafael Fernández Sirvent.
260 _aSan Vicente del Raspeig (Alicante) :
_bPublicaciones de la Universidad de Alicante,
_c[2005]
300 _a393 p. :
_bil., planos ;
_c24 cm.
490 1 _aMonografías.
_aUniversidad de Alicante
500 _aCronología: p. [371]-384.
500 _aÍndice onomástico.
504 _aBibliografía: p. [331]-369.
600 1 4 _aAmorós, Francisco,
_d1770-1848
_9125659
650 0 7 _aEducación física-
_yS.XIX.
_912108
650 7 _aEducación física-
_zFrancia
_2
_9161705
650 7 _aEducación física-
_zEspaña
_2
_9161706
710 2 _aUniversidad de Alicante
_97138
830 0 _aMonografías.
_aUniversidad de Alicante
_9183034
852 _aES-MaACL
_jA-14022
_9193796
_bR.151301
_cDEPO1
_dOlim: N-7022
_hDonación: Casa de Velázquez
914 _92477
_aCasa de Velázquez
_ednr
942 _2udc
_cMONOGRAFIA
999 _c186739
_d186739